LIBRARY & INFORMATION CENTRE, KCAET, TAVANUR

ONLINE PUBLIC ACCESS CATALOGUE (OPAC)

Glossary of Phrases with Preposotions / (Record no. 10165)

MARC details
000 -LEADER
fixed length control field 00324cam a2200121ua 4500
082 ## - DEWEY DECIMAL CLASSIFICATION NUMBER
Classification number 428.3
Item number CRO/GL
100 ## - MAIN ENTRY--AUTHOR NAME
Personal name Crowell, Thomas Lee .
245 ## - TITLE STATEMENT
Title Glossary of Phrases with Preposotions /
250 ## - EDITION STATEMENT
Edition statement 3 /
260 ## - PUBLICATION, DISTRIBUTION, ETC. (IMPRINT)
Place of publication New Delhi :
Name of publisher Prentice Hall of India Pvt Ltd. ,
Year of publication 1965.
300 ## - PHYSICAL DESCRIPTION
Number of Pages 216 ; .
942 ## - ADDED ENTRY ELEMENTS (KOHA)
Koha item type Reference
Holdings
Withdrawn status Lost status Damaged status Collection code Home library Current library Shelving location Date acquired Full call number Accession Number Koha item type
Withdrawn     Reference KAUAET Sanskrit University Reference 07/04/2012 428.3.CRO/GL 10462 Reference
free website counter